| 000 | 00449nam a2200181Ia 4500 | ||
|---|---|---|---|
| 003 | GCL | ||
| 008 | 140319s9999 xx 000 0 aFre d | ||
| 040 |
_aGCL / _cGCL |
||
| 082 | 0 | 4 |
_a052 _bG D |
| 245 | 1 | 0 |
_aLE DEBAT : _bHISTOIRE POLITIQUE SOCIETE |
| 260 |
_aفرنسا : _bGALLIMARD ، _c1998 |
||
| 300 |
_a24 CM ؛ _cMULTI |
||
| 650 | 0 | 4 | _aHISTORY |
| 650 | 0 | 4 | _aPERIODICALS |
| 650 | 0 | 4 | _aPOLICY |
| 650 | 0 | 4 | _aPOLITICAL SCIENCE |
| 942 |
_2ddc _cBK |
||
| 999 |
_c6891 _d6891 |
||